Harley Quinn. Kniha první, Šílená odměna /

Hlavní autor: Conner, Amanda, 1965-
Další autoři: Palmiotti, Jimmy, 1961-, Hardin, Chad, Roux, Stéphane, Cloonan, Becky, 1980-, Daniel, Tony S., Florea, Sandu, 1946-, Panosian, Dan, 1968-, Simonson, Walter, Lee, Jim, 1964-, Williams, Scott, 1960-, Timm, Bruce, 1961-, Adlard, Charles, 1966-, Hughes, Adam T., 1967-, Baltazar, Art, 1968-, Moore, Tradd, Johnson, Dave, 1966-, Roberts, Jeremy, Kieth, Sam, 1963-, Cooke, Darwyn, 1962-, Antonín, Martina D., 1978-
Jazyk: Čeština
Vydáno: Praha : BB/art, 2015
Vydání: První vydání v českém jazyce
Edice: BB art komiks
Témata:
Fyzický popis: 202 stran, 22 nečíslovaných stran obrazových příloh : ilustrace (převážně barevné) ; 26 cm
Knihy
Uloženo v:
LEADER 03020nam a2200661 i 4500
001 nkc20152723995
003 CZ PrNK
005 20260306180808.0
007 ta
008 150811s2015 xr af g 6 000 1 cze
015 |a cnb002723995 
020 |a 978-80-7507-093-7  |q (brožováno) :  |c Kč 499,00 
035 |a (OCoLC)944217101 
040 |a BOA001  |b cze  |d OLA001  |e rda 
041 1 |a cze  |h eng 
072 7 |a 741.52  |x Komiksy. Komiksové adaptace  |2 Konspekt  |9 21 
080 |a 741.52(0:82-322.9)  |2 MRF 
100 1 |a Conner, Amanda,  |d 1965-  |7 mzk2013790080  |4 aut  |4 ill 
240 1 0 |a Hot in the city.  |l Česky 
245 1 0 |a Harley Quinn.  |n Kniha první,  |p Šílená odměna /  |c Amanda Connerová, Jimmy Palmiotti - scénář ; Chad Hardin, Stephane Roux, Amanda Connerová, Becky Cloonanová, Tony S. Daniel, Sandu Florea, Dan Panosian, Walter Simonson, Jim Lee, Scott Williams, Bruce Timm, Charlie Adlard, Adam Hughes, Art Baltazar, Tradd Moore, Dave Johnson, Jeremy Roberts, Sam Kieth, Darwyn Cooke - kresba ; z anglického originálu Harley Quinn volume I: Hot in the city přeložil: Martin D. Antonín 
246 3 0 |a Šílená odměna 
250 |a První vydání v českém jazyce 
264 1 |a Praha :  |b BB/art,  |c 2015 
300 |a 202 stran, 22 nečíslovaných stran obrazových příloh :  |b ilustrace (převážně barevné) ;  |c 26 cm 
336 |a text  |b txt  |2 rdacontent 
336 |a statický obraz  |b sti  |2 rdacontent 
337 |a bez média  |b n  |2 rdamedia 
338 |a svazek  |b nc  |2 rdacarrier 
490 1 |a BB art komiks 
655 7 |a superhrdinské komiksy  |7 fd1057488  |2 czenas 
655 9 |a superhero comics  |2 eczenas 
700 1 |a Palmiotti, Jimmy,  |d 1961-  |7 xx0090381  |4 aut 
700 1 |a Hardin, Chad  |7 xx0198626  |4 ill 
700 1 |a Roux, Stéphane  |7 xx0198627  |4 ill 
700 1 |a Cloonan, Becky,  |d 1980-  |7 mzk2015891300  |4 ill 
700 1 |a Daniel, Tony S.  |q (Antonio Salvador)  |7 xx0169262  |4 ill 
700 1 |a Florea, Sandu,  |d 1946-  |7 xx0171632  |4 ill 
700 1 |a Panosian, Dan,  |d 1968-  |7 mzk2015891303  |4 ill 
700 1 |a Simonson, Walter  |7 xx0026042  |4 ill 
700 1 |a Lee, Jim,  |d 1964-  |7 xx0027857  |4 ill 
700 1 |a Williams, Scott,  |d 1960-  |7 xx0078628  |4 ill 
700 1 |a Timm, Bruce,  |d 1961-  |7 xx0195849  |4 ill 
700 1 |a Adlard, Charles,  |d 1966-  |7 mzk2009535190  |4 ill 
700 1 |a Hughes, Adam T.,  |d 1967-  |7 xx0192975  |4 ill 
700 1 |a Baltazar, Art,  |d 1968-  |7 mzk2015891315  |4 ill 
700 1 |a Moore, Tradd  |7 mzk2015891320  |4 ill 
700 1 |a Johnson, Dave,  |d 1966-  |7 xx0150148  |4 ill 
700 1 |a Roberts, Jeremy  |7 mzk2015891324  |4 ill 
700 1 |a Kieth, Sam,  |d 1963-  |7 xx0031086  |4 ill 
700 1 |a Cooke, Darwyn,  |d 1962-  |7 jo2012703631  |4 ill 
700 1 |a Antonín, Martina D.,  |d 1978-  |7 xx0010114  |4 trl 
765 1 |t Harley Quinn. Volume 1, Hot in the city  |9 Česky 
830 0 |a BB art komiks  |0 s 
910 2 |a BOA001  |b 3-1355.346,1 
990 |a BK 
995 |a 01 
991 |b 201511  |c NOV  |e b 
996 6 |b 2610648239  |c 3-1355.346,1  |l MZK  |r Sklad / do 1 hodiny  |n 8  |p p.v.  |w 001528813  |u 000010  |a 1  |e BOA001  |j MZK50  |s P